| 000 | 00424nam a2200169Ia 4500 | ||
|---|---|---|---|
| 008 | 230524s9999 xx 000 0 und d | ||
| 020 | _a9780143103240 | ||
| 082 | _bTHA | ||
| 100 |
_aShashi Tharoor _941743 |
||
| 245 | 0 | _aIndia Midnight to the Millennium and Beyond | |
| 250 | _a1 | ||
| 260 |
_aMumbai _bPenguin _c2014 |
||
| 300 | _a389p; | ||
| 500 | _aQuantity Number: 1 | ||
| 650 |
_aMisalliance _941744 |
||
| 942 | _cBK | ||
| 999 |
_c56195 _d56195 |
||